000 00720nam a22002537a 4500
003 CHAP
005 20220329134344.0
008 971013s1937 r 00010 d
010 _a19268
011 _a20240
035 _a24328
040 _cCHAP
090 _aFolleto 1174
110 _aAmerican Forestry Association. Annual Meeting.
_d62, Cincinnati, 1937
_95241
245 _aFlood control; papers presented...
260 _aWashington,
_c1937
300 _a80 p
590 _aBATCH-UPD
_b10
_c20130110
_lUCH01
_h1945
590 _aCONVERSION
_b10
_c20130109
_lUCH01
_h1312
650 1 4 _aControl de avenidas.
_927591
901 _aBK
942 _cFOLL
949 _aFolleto 1174
_bBC
_cFOLL
_d-56092
_eTS1
_i24328
_si
999 _c19268
_d19268